[Играет] Оркестр "Граммофон" (Запись № 13729658)

Подробности
000 -МАРКЕР
контрольное поле 02370njm0a2200529 4500
001 - ИДЕНТИФИКАТОР ЗАПИСИ
контрольное поле RU\NLR\ONIZ\309795
005 - ИДЕНТИФИКАТОР ВЕРСИИ
контрольное поле 20260614173446.0
035 ## - ДРУГИЕ СИСТЕМНЫЕ НОМЕРА
Идентификатор записи (NLR Aleph) 022830265
071 00 - ИЗДАТЕЛЬСКИЙ НОМЕР
Номер, присвоенный агентством 2-20195
071 00 - ИЗДАТЕЛЬСКИЙ НОМЕР
Номер, присвоенный агентством 2-20196
071 00 - ИЗДАТЕЛЬСКИЙ НОМЕР
Номер, присвоенный агентством 2-20195:R
071 00 - ИЗДАТЕЛЬСКИЙ НОМЕР
Номер, присвоенный агентством 2-20196:R
071 10 - ИЗДАТЕЛЬСКИЙ НОМЕР
Номер, присвоенный агентством 1160ak
071 10 - ИЗДАТЕЛЬСКИЙ НОМЕР
Номер, присвоенный агентством 1161ak
100 ## - ДАННЫЕ ОБЩЕЙ ОБРАБОТКИ
Данные общей обработки 20180917d1912 |||y0rusy50 ca
102 ## - СТРАНА ПУБЛИКАЦИИ ИЛИ ПРОИЗВОДСТВА
Страна публикации Российская Федерация
126 ## - ПОЛЕ КОДИРОВАННЫХ ДАННЫХ: ЗВУКОЗАПИСИ - ФИЗИЧЕСКИЕ ХАРАКТЕРИСТИКИ
Кодированные данные звукозаписи (общие) adaxdxu ux
Кодированные данные звукозаписи (уточнения) xxx
127 ## - ПОЛЕ КОДИРОВАННЫХ ДАННЫХ: ПРОДОЛЖИТЕЛЬНОСТЬ ЗВУКОЗАПИСЕЙ И НОТНЫХ ИЗДАНИЙ (МУЗЫКАЛЬНОЕ ИСПОЛНЕНИЕ)
Продолжительность 000700
145 0# - ПОЛЕ КОДИРОВАННЫХ ДАННЫХ: СРЕДСТВО ИСПОЛНЕНИЯ МУЗЫКАЛЬНОГО ПРОИЗВЕДЕНИЯ (УСТАРЕВШЕЕ)
Тип средства исполнения b
200 1# - ЗАГЛАВИЕ И СВЕДЕНИЯ ОБ ОТВЕТСТВЕННОСТИ
Основное заглавие [Играет] Оркестр "Граммофон"
Общее обозначение материала Звукозапись
203 ## - ВИД СОДЕРЖАНИЯ И ТИП СРЕДСТВА
Вид содержания
Дополнительные сведения об издании
Тип средства аудио
210 ## - ПУБЛИКАЦИЯ, РАСПРОСТРАНЕНИЕ И ДР.
Имя издателя, распространителя и т. д. Amour Gramophone record
Место издания, распространения и т.д. S. l.
Имя издателя, распространителя и т. д. Пишущий амур
Дата издания, распространения и т.д. [1912]
Имя изготовителя О-во Граммофонъ съ огр. отв.
Место изготовления Рига
215 ## - ФИЗИЧЕСКАЯ ХАРАКТЕРИСТИКА
Специфическое обозначение материала и объем 1 грп. (ок. 7 мин) : 78 об/мин, моно
Размеры 25 см, в конв.
300 ## - ОБЩИЕ ПРИМЕЧАНИЯ
Текст примечания № заказа P 168
300 ## - ОБЩИЕ ПРИМЕЧАНИЯ
Текст примечания Запись 12.07.1912 г., Берлин
300 ## - ОБЩИЕ ПРИМЕЧАНИЯ
Текст примечания Инж. звукозап. Дж. Диллнатт
300 ## - ОБЩИЕ ПРИМЕЧАНИЯ
Текст примечания Дата записи установл. по кат. А. Келли
327 1# - ПРИМЕЧАНИЯ О СОДЕРЖАНИИ
Текст примечания 1. Новое попурри русских песен. часть 1 ;
-- 2. Новое попурри русских песен. часть 2
464 #0 - АНАЛИТИЧЕСКИЙ УРОВЕНЬ
Встроенное поле 2001#$aНовое попурри русских песен$hчасть 1
464 #0 - АНАЛИТИЧЕСКИЙ УРОВЕНЬ
Встроенное поле 2001#$aНовое попурри русских песен$hчасть 2
606 1# - НАИМЕНОВАНИЕ ТЕМЫ КАК ПРЕДМЕТ
Наименование темы Попурри из русских песен для оркестра
Хронологический подзаголовок 20 в.
Формальный подзаголовок Звукозапись
Код системы nlr_sh
-- ca
606 1# - НАИМЕНОВАНИЕ ТЕМЫ КАК ПРЕДМЕТ
Наименование темы Оркестры эстрадные зарубежные
Географический подзаголовок Германия
Хронологический подзаголовок 20 в.
Формальный подзаголовок Звукозапись
Код системы nlr_sh
-- ca
686 0# - ИНДЕКСЫ ДРУГИХ КЛАССИФИКАЦИЙ
Индекс Щ951.81-052я44
702 #1 - ИМЯ ЛИЦА - ВТОРИЧНАЯ ОТВЕТСТВЕННОСТЬ
Связь между полями z02790
Начальный элемент ввода Диллнатт
Часть имени, кроме начального элемента ввода Д. У.
Дополнения к именам, кроме дат инженер записи
Даты 1883-1937
Расширение инициалов личного имени Джордж Уолтер
Код отношения Инженер записи
Графика поля Кириллица
702 #1 - ИМЯ ЛИЦА - ВТОРИЧНАЯ ОТВЕТСТВЕННОСТЬ
Связь между полями z03790
Начальный элемент ввода Келли
Часть имени, кроме начального элемента ввода А.
Даты 1928-2015
Расширение инициалов личного имени Алан
Код отношения Оценщик, Эксперт
Графика поля Кириллица
710 02 - НАИМЕНОВАНИЕ ОРГАНИЗАЦИИ - ПЕРВИЧНАЯ ОТВЕТСТВЕННОСТЬ
Начальный элемент ввода Оркестр "Граммофон"
Код отношения Исполнитель
Графика поля Латинская
790 #1 - ИМЯ ЛИЦА - АЛЬТЕРНАТИВНАЯ ФОРМА
Связь между полями z02702
Начальный элемент ввода Dillnutt
Часть имени, кроме начального элемента ввода G. W.
Даты 1883-1937
Расширение инициалов личного имени George Walter
Код отношения Инженер записи
Графика поля Латинская
790 #1 - ИМЯ ЛИЦА - АЛЬТЕРНАТИВНАЯ ФОРМА
Связь между полями z03702
Начальный элемент ввода Kelly
Часть имени, кроме начального элемента ввода A.
Даты 1928-2015
Расширение инициалов личного имени Alan
Код отношения Оценщик, Эксперт
Графика поля Кириллица
801 #0 - ИСТОЧНИК ЗАПИСИ
Страна Российская Федерация
Организация NLR
Дата составления 20180917
Правила каталогизации PSBO
801 #1 - ИСТОЧНИК ЗАПИСИ
Страна Российская Федерация
Организация NLR
Дата составления 20180917
Источник данных rusmarc
801 #2 - ИСТОЧНИК ЗАПИСИ
Страна Российская Федерация
Организация NLR
Дата составления 20260605
852 ## - МЕСТОНАХОЖДЕНИЕ И ШИФР ХРАНЕНИЯ
Идентификатор организации NLR
Шифр хранения (Call Number) Мг 2к/9116
Идентификатор единицы 45451
Номер экземпляра 1
942 ## - ДОПОЛНИТЕЛЬНЫЕ ЭЛЕМЕНТЫ ЗАПИСИ (АБИС)
Тип экземпляра АБИС Звукозапись
980 ## - КОЛЛЕКЦИЯ
Название коллекции Отдел нот и звукозаписей
980 ## - КОЛЛЕКЦИЯ
Название коллекции Национальная библиография

Нет доступных экземпляров.